00400nam a2200145Ia 4500008004100000041001200041082001600053100001500069245006300084260004700147300000800194650001600202700001500218700002100233221030s9999 xx 000 0 und d aEnglish a105.23bJai aM. K. Jain 0aNumerical Methods For Scientific & Engineering Computation bNew Age International PubaNew Delhic1996 a454 aBE Computer aR. K. Jain aS. R. K. Iyenger